Quy hoạch giao thông đô thị bền vững

Đề cập vấn đề quy hoạch giao thông đô thị bền vững với tổng quan các vấn đề, thực trạng, định hướng chiến lược và các chỉ tiêu thực hiện.

Сохранить в:
Библиографические подробности
Главный автор: Lưu , Đức Hải
Другие авторы: Đinh, Quốc Thái
Формат:
Язык:Undetermined
Опубликовано: H. Xây dựng 2012
Предметы:
Online-ссылка:http://lrc.tdmu.edu.vn/opac/search/detail.asp?aID=2&ID=19089
Метки: Добавить метку
Нет меток, Требуется 1-ая метка записи!
Thư viện lưu trữ: Trung tâm Học liệu Trường Đại học Thủ Dầu Một
LEADER 01003nam a2200217Ia 4500
001 TDMU_19089
008 210410s9999 xx 000 0 und d
082 |a 713 
090 |b L566 
100 |a Lưu , Đức Hải 
245 0 |a Quy hoạch giao thông đô thị bền vững 
245 0 |c PGS. TS. Lưu Đức Hải (chủ biên), ThS. Đinh Quốc Thái 
260 |a H. 
260 |b Xây dựng 
260 |c 2012 
300 |a 118tr. 
520 |a Đề cập vấn đề quy hoạch giao thông đô thị bền vững với tổng quan các vấn đề, thực trạng, định hướng chiến lược và các chỉ tiêu thực hiện. 
650 |a Quy hoạch đô thị  |x Giao thông; Quy hoạch; Giao thông; Đô thị; Bền vững 
700 |a Đinh, Quốc Thái 
856 |u http://lrc.tdmu.edu.vn/opac/search/detail.asp?aID=2&ID=19089 
980 |a Trung tâm Học liệu Trường Đại học Thủ Dầu Một